Politicos do Brasil / (Record no. 110276)

MARC details
000 -LEADER
campo de control de longitud fija 00930cam a22002895a 4500
001 - NÚMERO DE CONTROL
campo de control 34427
005 - FECHA Y HORA DE LA ÚLTIMA TRANSACCIÓN
campo de control 20230411085955.0
008 - DATOS DE LONGITUD FIJA--INFORMACIÓN GENERAL
campo de control de longitud fija 061213s2006 bl b 001 0 por d
035 ## - NÚMERO DE CONTROL DEL SISTEMA
Número de control de sistema 14669034
010 ## - NÚMERO DE CONTROL DE LA BIBLIOTECA DEL CONGRESO
Número de control de LC 2006450617
040 ## - FUENTE DE CATALOGACIÓN
Centro catalogador/agencia de origen AZU
Centro/agencia transcriptor AZU
Centro/agencia modificador DLC
020 ## - NÚMERO INTERNACIONAL ESTÁNDAR DEL LIBRO
Número Internacional Estándar del Libro 8574027480
035 ## - NÚMERO DE CONTROL DEL SISTEMA
Número de control de sistema (OCoLC)ocm72813920
035 ## - NÚMERO DE CONTROL DEL SISTEMA
Número de control de sistema (OCoLC)72813920
042 ## - CÓDIGO DE AUTENTICACIÓN
Código de autenticación lccopycat
-- lcode
097 00 -
-- 103 JL 2431
-- R696p 2006
100 1# - ENTRADA PRINCIPAL--NOMBRE DE PERSONA
Nombre de persona Rodrigues, Fernando.
245 10 - MENCIÓN DEL TÍTULO
Título Politicos do Brasil /
Mención de responsabilidad, etc. Fernando Rodrigues.
246 1# - FORMA VARIANTE DEL TITULO
Texto de visualización Subtitle on cover:
Título propio/Titulo breve Investigacao sobre o patrimonio declarado e a ascensao daqueles que exercem o poder
260 ## - PUBLICACIÓN, DISTRIBUCIÓN, ETC.
Lugar de publicación, distribución, etc. Sao Paulo :
Nombre del editor, distribuidor, etc. PubliFolha,
Fecha de publicación, distribución, etc. c2006.
300 ## - DESCRIPCIÓN FÍSICA
Extensión 421 p. ;
Dimensiones 21 cm.
504 ## - NOTA DE BIBLIOGRAFÍA, ETC.
Nota de bibliografía, etc. Includes bibliographical references (p. 403-407) and index.
651 #0 - PUNTO DE ACCESO ADICIONAL DE MATERIA--NOMBRE GEOGRÁFICO
Nombre geográfico Brazil
Subdivisión general Politics and government.
925 0# -
-- acquire
-- 1 shelf copy
-- policy default
942 ## - ELEMENTOS DE ENTRADA SECUNDARIOS (KOHA)
Fuente del sistema de clasificación o colocación Clasificación de Library of Congress
Tipo de ítem Koha
985 ## -
-- ODE-rj
Holdings
Estatus retirado Estado de pérdida Fuente del sistema de clasificación o colocación Estado de daño No para préstamo Colección Biblioteca de origen Biblioteca actual Ubicación en estantería Fecha de adquisición Código de barras Visto por última vez Copia número Tipo de ítem Koha
    Clasificación de Library of Congress     Automatización y Procesos Técnicos Biblioteca Juan Bosch Biblioteca Juan Bosch Automatización y Procesos Técnicos (1er. Piso) 11/04/2023 00000033408 17/02/2019 1